Fr. Conceicao Rodrigues College of Engineering

Wireless and mobile data networks (Record no. 27167)

MARC details
000 -LEADER
fixed length control field 00357nam a2200157Ia 4500
082 ## - DEWEY DECIMAL CLASSIFICATION NUMBER
Classification number 621.382
Item number AHM
100 ## - MAIN ENTRY--PERSONAL NAME
Personal name Ahmad/Aftab
245 ## - TITLE STATEMENT
Title Wireless and mobile data networks
260 ## - PUBLICATION, DISTRIBUTION, ETC.
Name of publisher, distributor, etc. Wiley India
Date of publication, distribution, etc. 2005
366 ## - TRADE AVAILABILITY INFORMATION
Publishers's discount category 25
300 ## - PHYSICAL DESCRIPTION
Extent 346
546 ## - LANGUAGE NOTE
Language note ENGLISH
-- PAMPHALETS
650 ## - SUBJECT ADDED ENTRY--TOPICAL TERM
Topical term or geographic name entry element Wireless mobile networks
654 ## - SUBJECT ADDED ENTRY--FACETED TOPICAL TERMS
Focus term wireless
942 ## - ADDED ENTRY ELEMENTS (KOHA)
Koha item type Reference Book
Holdings
Withdrawn status Lost status Damaged status Not for loan Collection Home library Current library Date acquired Source of acquisition Cost, normal purchase price Inventory number Total Checkouts Full call number Barcode Date last seen Cost, replacement price Price effective from Koha item type
        CRC Fr. Agnel's C.Rodrigues College of Engineering Fr. Agnel's C.Rodrigues College of Engineering 17/03/2023 Allied Publishers 2996.25 2822 dt 19/02/2013   621.382 AHM 22558 17/03/2023 3995.00   Reference Book